000 00860nam a2200265Ia 4500
003 OSt
005 20220928115650.0
006 a|||||r|||| 00| 0
007 ta
008 220927b |||||||| |||| 00| 0 eng d
020 _a9783319963549
_cEURO 129.99
024 _a146116
037 _b47, 29/12/2021, Excel Book International
_cTextual
040 _aSDCL
_cSDCL
_beng
041 _2eng
_aeng
082 _aB3(X:732), Q9
100 _aNagel Janet
_9445393
245 0 _aOptimization of energy supply systems
_b Modelling, programming and analysis
260 _aSwitzerland
_bSpringer
_c2019
300 _axi,294p.
_ccm.
490 _aLecture notes in energy (Vol.69)
650 _aOperational Research
942 _hB3(X:732), Q9
_cTEXL
_2CC
999 _c760349
_d760349